European Groups of Things 4 - Statistics

General Stats
  • This quiz has been taken 302 times
    292 since last reset
  • The average score is 21 of 46
Answer Stats
Hint Answer % Correct
Ireland
90%
Andorra
89%
Estonia
88%
United Kingdom
88%
Iceland
87%
Nations beginning with a vowel. Albania
85%
Austria
81%
Italy
78%
Ukraine
74%
Largest Greek islands Crete
66%
Riga
65%
IAG
64%
Helsinki
62%
Plato
61%
Socrates
60%
Largest European airlines (by number of passengers) Lufthansa Group
58%
Commanders of the French, British and Prussian armies at the battle of Waterloo Napoleon Bonaparte
58%
Tallinn
58%
Stockholm
57%
'Big 3' classical Greek philosophers Aristotle
54%
Air France - KLM
52%
Biggest EU cities beginning with a vowel. (Excluding UK cities). Amsterdam
52%
Capitals on the Baltic Sea Copenhagen
51%
Ryanair
45%
Royal Air Force
43%
Rhodes
39%
Athens
38%
Luftwaffe
38%
Duke of Wellington
35%
Lesbos
29%
Vandals
28%
Visigoths
26%
Easyjet
23%
Antwerp
18%
Dutch winners of the men's 'ballon d'or' Johan Cruyff
18%
Essen
17%
Marco Van Basten
16%
Ruud Gullit
12%
Euboea
11%
Ostrogoths
9%
Tribes that sacked classical Rome Gauls
8%
Utrecht
8%
Gebhard Leberecht Von Blücher
7%
Air forces involved in the battle of Britain Corpo Aereo Italiano
6%
Chios
4%
Royal Canadian Air Force
2%
No matching quizzes found
Score Distribution
Percent of People with Each Score
Percentile by Number Answered
Your Score History
You have not taken this quiz since the last reset